01095 2200205 4500001002100000005001500021035002000036245003900056100002100095250001800116300002800134260003600162082000800198084001400206020002200220650001400242008004100256520057600297990001600873INLIS00000000000027120240530055640 a0010-05240001931 aBuah ketabahan /cDwianto setyawan0 aDwianto setyawan acetakan ke-10 a96 hlm :bilus ;c21 cm aJakarta :bBalai Pustaka,c2007 a813 a813 DWI b a978-979-407-701-1 4aBuku Anak240530 0  aRiwayat hidup Dwianto Setyawan, lahir tanggal 12 agustus 1949 di malang. sejak tahun 1972 menulis buku cerita anak-anak, cerita petualangan, detektif, dongeng serta cerita keluarga hingga sekarang yang terbit berjumlah 23 judul. mulai tahun 1978, ia menulis cerita pendek dan novelet remaja, kemudia juga novel. ia juga pernah mendapat hadiah dalam lomba mengarang yang diadakan oleh majalah gadis, femina, serta kartini. karya dwianto setyawan yang pernah diterbitkan oleh PN balai pustaka di antaranya: - Buah ketabahan - Si rejeki - Menggulung komplotan penculik a00000000704